000 00649nam a22002057a 4500
005 20220418122938.0
008 220418b ||||| |||| 00| 0 eng d
020 _a9781484243930
040 _cAIMIT LIBRARY
082 _23
_a005.1372
_bHETM
100 _aHetland, Magnus Lie.
_930117
245 _aBeginning python :
_bfrom novice to professional /
_cBy Magnus Lie Hetland .
250 _a3rd ed.
260 _aLondon :
_bApress ,
_c2021.
300 _axxxii, 527p. ;
_bPB
_c24.5 cm.
650 _aWorking and strings
_930118
650 _aMore abstractions
_930119
650 _aBatteries included
_930120
942 _2ddc
_cBK
_e3rd
_k005.1372 HETM
999 _c222452
_d222452